The Arbornaut: A Life Discovering the Eighth Continent in the Trees Above Us (Record no. 12959)

000 -LEADER
fixed length control field 00405 a2200157 4500
003 - CONTROL NUMBER IDENTIFIER
control field OSt
005 - DATE AND TIME OF LATEST TRANSACTION
control field 20240802154613.0
008 - FIXED-LENGTH DATA ELEMENTS--GENERAL INFORMATION
fixed length control field 240802b ||||| |||| 00| 0 eng d
020 ## - INTERNATIONAL STANDARD BOOK NUMBER
International Standard Book Number 9781911630494
082 ## - DEWEY DECIMAL CLASSIFICATION NUMBER
Classification number 715.2
100 ## - MAIN ENTRY--PERSONAL NAME
Personal name Meg Lowman
245 ## - TITLE STATEMENT
Title The Arbornaut: A Life Discovering the Eighth Continent in the Trees Above Us
260 ## - PUBLICATION, DISTRIBUTION, ETC. (IMPRINT)
Name of publisher, distributor, etc Allen & Unwin
Date of publication, distribution, etc 2021
300 ## - PHYSICAL DESCRIPTION
Extent 348p;
942 ## - ADDED ENTRY ELEMENTS (KOHA)
Source of classification or shelving scheme
Holdings
Withdrawn status Lost status Source of classification or shelving scheme Damaged status Koha normalized classification for sorting Not for loan Permanent location Current location Date acquired Source of acquisition Cost, normal purchase price Full call number Barcode Date last seen Cost, replacement price Price effective from Koha item type
        715_200000000000000   BMS College of Architecture, Design and Planning BMS College of Architecture, Design and Planning 2024-08-02 1 1402.95 715.2 AR-UG4215 2024-08-02 1870.60 2024-08-02 B.Design
Copyright © 2025, The Librarian, Library and Information Centre, BMSCA D&P, Bengaluru. All Rights Reserved
web counter

Powered by Koha